000 01483cam a22004574a 4500
001 muse76284
003 MdBmJHUP
005 20210127151331.0
006 m o d
007 cr||||||||nn|n
008 970306s1997 nyu o 00 0 eng d
010 _z 97012135
020 _a9780823282814
020 _z0823217272
020 _z0823217280 (pbk.)
020 _z9780823217274
035 _a(OCoLC)798792649
040 _aMdBmJHUP
_cMdBmJHUP
050 0 4 _aB945.J23
_bW536 1997
082 0 _a121/.6
_221
100 1 _aO'Connell, Robert J.
245 1 0 _aWilliam James on the Courage to Believe
_cRobert J. O'Connell.
250 _a2nd ed.
264 1 _bFordham University Press,
264 3 _bProject MUSE,
300 _a1 online resource (x, 223 p.)
504 _aIncludes bibliographical references and index.
506 0 _aOpen Access
_fUnrestricted online access
_2star
588 _aDescription based on print version record.
600 1 1 _aJames, William,
_d1842-1910.
_tWill to believe.
650 0 _aBelief and doubt.
650 0 _aPhilosophy.
655 7 _aElectronic books.
_2local
710 2 _aProject Muse.
_edistributor
830 0 _aBook collections on Project MUSE.
856 4 0 _zFull text available:
_uhttps://muse.jhu.edu/book/67380/
999 _c25427
_d25427